=LDR 00000nam 2200000 4500 =001 INLIS000000000007601 =005 20231214102611 =035 ##$$a 0010-061300000007601 =008 231214###########################0###### =041 ##$$a Ind =082 ##$$a 136.7 =090 ##$$a 400.1, Sum b =100 ##$$a Kartono, Kartini =245 1#$$a Psikologi anak, Dra. Kartini Kartono =260 ##$$a 1979 :$b Bandung =300 ##$$a 254 hlm, 21 cm =650 #4$$a Psikologi anak =850 ##$$a NBPNMAT =084 ##$$a 136.7 KAR p =990 ##$$a 581/Pro.80